Livret explicatif des ouvrages de peinture, sculpture, dessin, gravure, etc. admis a l'Exposition de la Société Artistique de Bayonne, fondée en 1862 (Record no. 168285)

MARC details
000 -LEADER
campo de control de longitud fija 00580nam a2200145 i 4500
001 - NÚMERO DE CONTROL
campo de control 168285
003 - IDENTIFICADOR DE NÚMERO DE CONTROL
campo de control ES-MaACL
005 - FECHA Y HORA DE LA ÚLTIMA TRANSACCIÓN
campo de control 20230906213733.0
008 - DATOS DE LONGITUD FIJA--INFORMACIÓN GENERAL
campo de control de longitud fija 080227q1863 fr |||| | fre d
245 00 - MENCIÓN DEL TÍTULO
Título Livret explicatif des ouvrages de peinture, sculpture, dessin, gravure, etc. admis a l'Exposition de la Société Artistique de Bayonne, fondée en 1862
Resto del título : deuxième exposition 1863.
260 ## - PUBLICACIÓN, DISTRIBUCIÓN, ETC.
Lugar de publicación, distribución, etc. Bayonne :
Nombre del editor, distribuidor, etc. [s.n.,
Fecha de publicación, distribución, etc. 1863?] (
Fabricante Impr. Veuve Lamaignère)
300 ## - DESCRIPCIÓN FÍSICA
Extensión XV, 38 p. ;
Dimensiones 15 cm.
711 2# - ENTRADA AGREGADA--NOMBRE DE REUNIÓN
Nombre de congreso/reunión o jurisdicción como elemento de entrada Société Artistique de Bayonne.
9 (RLIN) 137424
852 ## - LOCALIZACIÓN
Ubicación ES-MaACL
Número de control de estantería T-211-F-4
Holdings
Estatus retirado Estado de pérdida Estado de daño No para préstamo Colección Biblioteca de origen Biblioteca actual Ubicación en estantería Fecha de adquisición Total de préstamos Signatura topográfica completa Código de barras Visto por última vez Precio de reemplazo Tipo de ítem Koha
        Colección de folletos Biblioteca del Ateneo de Madrid Biblioteca del Ateneo de Madrid Depósito folletos 27/02/2008   T-211-F-4 1176578 23/02/2023 23/02/2023 Folleto